Historia y geografía: correpondiente al segundo año de Humanidades, según el último programa dado por el Ministerio de Educación y conforme a los métodos activos

Guardat en:
Dades bibliogràfiques
Autor principal: Acuña Peña, Manuel (Autor)
Format: Llibre
Idioma:espanyol
Publicat: Santiago Salesiana 1964
Edició:10a. ed
Matèries:
Etiquetes: Afegir etiqueta
Sense etiquetes, Sigues el primer a etiquetar aquest registre!

MARC

LEADER 00000nam a2200000 a 4500
001 UCK1333
003 CL-VaPUC
008 041112e19640000CL |||||||||||||||||spa|d
082 0 4 |a 900.712  |b ACU  |2 21 
100 0 |a Acuña Peña, Manuel  |e author  |9 489092 
245 1 0 |a Historia y geografía: correpondiente al segundo año de Humanidades, según el último programa dado por el Ministerio de Educación y conforme a los métodos activos 
250 |a 10a. ed 
300 |a v 
942 |c BK 
945 |d 20041112 00:00:00  |a cmena 
260 |a Santiago  |b Salesiana  |c 1964 
650 0 |a Enseñanza de la historia   |9 307330 
650 0 |a Enseñanza de la geografía  |9 310005 
650 0 |a Libros de texto  |9 270019 
583 |a last modification  |c 20041112 00:00:00  |k Rodrigo Vera 
999 |c 311307  |d 311305 
952 |0 0  |1 0  |4 0  |6 900_712000000000000_ACU_1964  |7 0  |8 A  |9 380672  |a BIBHIS  |b BIBHIS  |d 2019-11-21  |h v.2  |i 4075455  |o 900.712 ACU 1964  |p 4075455  |r 2025-01-20  |w 2019-11-21  |y BK  |k HIS